La Rochelle - Choix multiples - Statistiques

Statistiques générales
  • Ce quiz a été pris 4 419 fois
    4 148 depuis la dernière actualisation
  • Le résultat moyen est 6 sur 10
Statistiques - réponses
Question Réponse % Correct
Quelle île est reliée à la ville par un pont ? L’île de Ré
79%
Quel célèbre festival de musique a lieu chaque année en juillet à la Rochelle ? Les Francofolies
78%
De quoi La Rochelle possède-t-elle l'un des plus grands représentants d'Europe ? Un aquarium
76%
Comment se nomme le port commercial de la Rochelle ? La Pallice
59%
Quelle style de maison à l'architecture typique peut-on trouver en grand nombre dans des quartiers d'habitations de La Rochelle ?
58%
Qu'est-ce que le Grand Pavois La Rochelle ? Un salon nautique international à flot
57%
A quoi l'appellation "Les Maritimes" fait-elle référence pour les Rochelais ? Les joueurs de l'équipe de rugby du Stade Rochelais
53%
Lequel de ces classiques de la littérature française a en partie pour cadre le siège de La Rochelle ? Les Trois Mousquetaires
50%
De quoi La Rochelle devint-elle l'un des principaux foyers français au XVIe siècle ? De la Réforme
40%
De quelle province historique La Rochelle faisait-elle partie entre 1374 et 1790 ? L'Aunis
30%
Aucun quiz correspondant
Distribution des résultats
% des personnes avec chaque résultat
Percentile par nombre de réponses
Votre historique - résultats
Vous n’avez pas pris ce quiz depuis la dernière actualisation